| 000 | 00969cab a2200229 4500 | ||
|---|---|---|---|
| 001 | X96157 | ||
| 008 | 090401t1998 xxu||||| |||| 00| 0 eng d | ||
| 035 | _a(Sirsi) u90795 | ||
| 041 | _aeng | ||
| 245 | _aVAT | ||
| 260 | _c1998 | ||
| 350 | _a0 | ||
| 490 |
_aEstates Gazette _v[1998] EGCS 184 (16/01/99) |
||
| 520 | _a"Jubilee Hall Recreation Centre Ltd v Commissioners of Customs & Excise" CA 15 December 1998. Works being carried out to sports centres run by registered charities - whether supplies in respect of works to be zero-rated - whether centres intended to be used as a village hall or recreational facilities for a local community - supplies found to be zero-rated - Commissioners appeal allowed. | ||
| 650 | _aJUBILLE HALL RECREATION CENTRE LTD V COMMISSIONERS OF CUSTOMS & EXCISE | ||
| 650 | _aRECREATIONAL FACILITIES | ||
| 650 | _aVALUE ADDED TAX | ||
| 650 | _aZERO-RATED | ||
| 690 | _aTAXATION-CASE LAW | ||
| 942 | _n0 | ||
| 948 | _c19/01/1999 | ||
| 999 |
_c57588 _d57588 |
||